000 01629cgm a2200301Ia 4500
005 20250212141912.0
007 vd cvaizk
008 241017s2024 102 ## v eng d
024 _a843501043042
_q (videorecording)
040 _aCTMMSN
_beng
_erda
_cCTMMSN
092 _amovie
_bCuckoo
245 0 0 _aCuckoo
_h[videorecording].
264 _a[Place of publication not identified?]:
_bDecal - Neon,
_c2024
264 _aOld Saybrook, Connecticut :
_bwww.micromarketing.org
300 _a[1 videodisc (approximately 102 minutes)?] :
_bsound, color;
_c4 3/4 in.
336 _atwo-dimensional moving image
337 _avideo
338 _avideodisc
500 _a[Typographic symbols and accents removed for systems compatibility.]
500 _aWidescreen edition.
520 _aMoody teen Gretchen (Hunter Schafer) was less than thrilled about having to pack up indefinitely for a Bavarian Alpine resort as her architect dad (Martin Csokas) and stepmom (Jessica Henwick) worked on a project for the chalet's eccentric owner (Dan Stevens). She'll soon discover that there were justifiable-and unholy-reasons to find her new environs and host off-putting. Chiller from Tilman Singer ("Luz") co-stars Mila Lieu, Greta Fernandez, Astrid Berges-Frisbey. Decal - Neon; 843501043042; 1 Disc(s); 102 min; Horror, Thriller, Teen; R; 10/22/24
521 _aRating: R.
538 _aDVD, color, widescreen, NTSC.
650 7 _aFeature Horror / Sci-Fi
_2bisacsh
_96495512
655 _aVideo recordings.
_2lcgft
710 _aDecal - Neon
_96482311
942 _2ddc
_cBLU-RAY
999 _c401366
_d401366